Music Quiz

Random Music or Bands Quiz
Score 0/23 Timer 20:00
0 Plays Today
duties in the band % Correct
Former drums - 1989-1998, 2004Nick Menza
60.7%
Drums - currentShawn Drover
44.3%
Former lead/rhytm guitar - 2004-2008Glen Drover
31.1%
Former lead/rhytm guitar - 1987-1989Jeff Young
27.9%
Former lead/rhytm guitar - 2000-2002Al Pitrelli
24.6%
Lead/Rhythm guitar - currentDavid Scott Mustaine
21.3%
Former bass - 2006-2010James Lomenzo
18%
Former drums - 1987-1988Chuck Behler
16.4%
Former drums - 1998-2002Jimmy Degrasso
16.4%
Bass - currentDavid Warren Ellefson
11.5%
Lead/Rhytm guitar - currentChristopher Broderick
9.8%
Former bass - 2004-2006James MacDonough
8.2%
duties in the band % Correct
Former lead/rhytm guitar - 1984-1987, 2004Christopher Poland
6.6%
Former lead/rhytm guitar - 1990-2000Martin Adam Friedman
6.6%
Former drums - 1983Dijon Carruthers
4.9%
Former lead/rhytm guitar - 1984Kerry Ray King
4.9%
Former drums - 1984-1987Gary C. Samuelson
4.9%
Former lead/rhytm guitar - 1987Jay Reynolds
4.9%
Former lead/rhytm guitar - 1983Greg Handevidt
3.3%
Former drums - 1984Lee Rausch
3.3%
Former lead/rhytm guitar - 1985Mike Albert
3.3%
Former drums - 2004Vincent Colaiuta
3.3%
Former bass - 2004Jimmie Lee Sloas
3.3%
Remove Ads.
Support Sporcle.
Get the best of Sporcle when you Go Orange. This ad-free experience offers more features, more stats, and more fun while also helping to support Sporcle. Thank you for becoming a member.

You're not logged in!

Compare scores with friends on all Sporcle quizzes.
OR
Log In

Show Comments

Extras

Created Oct 22, 2010ReportNominate
Tags:Bands Quiz, Easy, megadeth

Top Quizzes Today


Score Distribution

Your Account Isn't Verified!

In order to create a playlist on Sporcle, you need to verify the email address you used during registration. Go to your Sporcle Settings to finish the process.

Report this User

Report this user for behavior that violates our Community Guidelines.

Details: